Northern Things Quiz Stats

 Plays Quiz not verified by Sporcle

Support Sporcle.
Go Orange.
Score 0/20 Timer 03:00
0 Plays Today
Clue Answer % Correct
Where Santa livesNorth Pole
100%
Asian countryNorth Korea
97.3%
U.S. StateNorth Dakota
95.9%
ContinentNorth America
95.9%
Aurora BorealisNorthern Lights
90.4%
The NA in NATONorth Atlantic
86.3%
Area north of the equatorNorthern Hemisphere
83.6%
Country led by Ho Chi MinhNorth Vietnam
79.5%
It lies between Britain and NorwayNorth Sea
74%
Hitchcock thrillerNorth by Northwest
68.5%
Clue Answer % Correct
Half of New ZealandNorth Island
61.6%
PolarisNorth Star
61.6%
An American outdoor product companyThe North Face, Inc.
61.6%
Federal territory of AustraliaNorthern Territory
50.7%
It became Zambia in 1964Northern Rhodesia
43.8%
English county on the Scottish borderNorthumberland
30.1%
A sea route through the Arctic OceanNorthwest Passage
30.1%
NFL's 'black and blue' divisionNFC North
28.8%
O'ahu surfing spotNorth Shore
23.3%
Contrary to what is usual or traditionalUnorthodox
1.4%

You're not logged in!

Compare scores with friends on all Sporcle quizzes.
OR
Log In

From the Vault

5-Star Actors

by manonthemoon

Not every actor can be a star.
Remove Ads.
Support Sporcle.
Get the best of Sporcle when you Go Orange. This ad-free experience offers more features, more stats, and more fun while also helping to support Sporcle. Thank you for becoming a member.

Show Comments

Extras

Created Mar 27, 2012ReportNominate
Tags:north, Northern

Top Quizzes Today


Score Distribution

Your Account Isn't Verified!

In order to create a playlist on Sporcle, you need to verify the email address you used during registration. Go to your Sporcle Settings to finish the process.

Report this User

Report this user for behavior that violates our Community Guidelines.

Details: